झूठ का पर्दा / (Record no. 168600)

MARC details
000 -LEADER
fixed length control field 01253nam a22002297a 4500
005 - DATE AND TIME OF LATEST TRANSACTION
control field 20191016160238.0
010 ## - LCCN (DPL NO)
LC control number B-730556
020 ## - INTERNATIONAL STANDARD BOOK NUMBER
International Standard Book Number 9789353093105
Terms of availability 50.00
035 ## - SYSTEM CONTROL NUMBER
System control number B-730556
037 ## - SOURCE OF ACQUISITION
Source of stock number/acquisition डी.बी.ए.डी./ उपहार
082 ## - DEWEY DECIMAL CLASSIFICATION NUMBER
Classification number
100 ## - MAIN ENTRY--PERSONAL NAME
Personal name नहेमायाह, आशा
245 ## - TITLE STATEMENT
Title झूठ का पर्दा /
Statement of responsibility, etc आशा नहेमायाह; ओइन्द्री चक्रवर्ती द्वारा चित्रांकित; पुजा ओमवीर रावत द्वारा हिन्दी अनुवाद
246 ## - VARYING FORM OF TITLE
Title proper/short title Jhuth ka parda
Remainder of title by Asha Nahemayah
260 ## - PUBLICATION, DISTRIBUTION, ETC. (IMPRINT)
Place of publication, distribution, etc नई दिल्ली
Name of publisher, distributor, etc प्रथम बुक्स
Date of publication, distribution, etc 2018
270 ## - ADDRESS
Address #621, 2nd floor, 5th Main, OMBR Layout, Banaswadi,
City Bengaluru
Postal code 560043
Telephone number +91 80 42052574, 91 11 41042483
300 ## - PHYSICAL DESCRIPTION
Extent 24पृ.
Other physical details सचित्र
Dimensions 14x20 सेमी (अजिल्द)
700 ## - ADDED ENTRY--PERSONAL NAME
9 (RLIN) 28835
Personal name चक्रवर्ती, ओइन्द्री
700 ## - ADDED ENTRY--PERSONAL NAME
9 (RLIN) 28836
Personal name रावत, पुजा ओमवीर
942 ## - ADDED ENTRY ELEMENTS (KOHA)
Source of classification or shelving scheme Dewey Decimal Classification
Item type Children Books
Classification part
Call number suffix नहेम
Holdings
Withdrawn status Lost status Not for loan Collection code Home library Current library Date acquired Source of acquisition Cost, normal purchase price Full call number Barcode Copy number Cost, replacement price Koha item type Public note
      Fiction Ashok Vihar Ashok Vihar 16/10/2019 उपहार/26.09.19 50.00 क नहेम B-730556 1 50.00 Children Books उपहार

© Delhi Public Library
Hit Counter
free hit counter